000 02105nam a2200493 c 4500
001 53256
003 ES-MaCES
005 20251115040006.0
007 cr |||||||||||
008 240716s2024 sp o100 | spa d
017 _aM 14150-2024
_bDL
020 _a9788484176305
020 _a9788484176312 (pdf)
024 7 _a117-24-025-6
_2nipo
024 7 _a117-24-029-8
_2nipo pdf
040 _aES-MaCES
_bspa
_cES-MaCES
245 0 0 _aMecanismos e instrumentos de flexibilidad interna en la negociación colectiva
_b: informe de síntesis
_cdir., José Luis Monereo Pérez, Francisco Vila Tierno ; coord., Belén del Mar López Insua ; autores, Carlos Luis Alfonso Mellado ... [et al.]
260 _aMadrid
_bMinisterio de Trabajo y Economía Social, Subdirección General de Informes, Recursos y Publicaciones
_c[2024]
300 _a78 p
_c22 cm
_e1 documento pdf (458 kb)
490 1 _aColección Informes y estudios. Serie Relaciones laborales
_v135
500 _aTexto completo en pdf
541 _cCompra
650 4 _arelaciones laborales
_928369
650 4 _anegociación colectiva
_928362
650 4 _aflexibilidad del trabajo
_930174
650 4 _acondiciones de trabajo
_928327
650 4 _acondiciones de empleo
_930040
650 4 _adespido
_928352
650 4 _areestructuración empresarial
_930602
650 4 _aeconomía colaborativa
_937923
650 4 _aderechos de los trabajadores
_929924
650 4 _aEspaña
_926964
650 4 _ainforme técnico
_928987
653 1 0 _aRelaciones laborales-Empleo
700 1 _918830
_aMonereo Pérez, José Luis
_edir.
700 1 _925877
_aVila Tierno, Francisco
_edir.
700 1 _916923
_aLópez Insua, Belén del Mar
_ecol.
700 1 _95913
_aAlfonso Mellado, Carlos Luis
710 1 _aEspaña
_bMinisterio de Trabajo y Economía Social
_939731
830 0 _aColección Informes y estudios (España. Ministerio de Trabajo y Economía Social)
_pSerie Relaciones laborales
_v135
_939985
856 4 _uhttp://biblioteca.ces.es/repintra/B53188.pdf
_ytexto completo
902 _aLIB Libro
942 _2CES
_cBK
_h2.0.
999 _c53256
_d53256